Le capital de l'entreprise

Uloženo v:
Podrobná bibliografie
Hlavní autor: Lotte, Louis (autor)
Médium: Kniha
Jazyk:francouzština
Vydáno: París D'Organisation 1963
Edice:Finances et Entreprise, 2
Témata:
Tagy: Přidat tag
Žádné tagy, Buďte první, kdo vytvoří štítek k tomuto záznamu!

MARC

LEADER 00000nam a2200000 a 4500
001 UCQ0711
003 CL-VaPUC
008 980703e19630000FR |||||||||||||||||fre|d
082 0 4 |a 658.152  |b LOT  |2 21 
100 |a Lotte, Louis  |e autor  |9 414036 
245 1 3 |a Le capital de l'entreprise 
300 |a 145 p 
942 |c BK 
945 |d 19980703 00:00:00  |a cmena 
260 |a París  |b D'Organisation  |c 1963 
650 0 |a Administración financiera  |9 261146 
650 0 |a Capital   |9 263726 
650 0 |a Control presupuestario  |9 345693 
650 0 |a Administración de empresas   |9 260833 
650 7 |a PLANIFICACION Y CONTROL  |2 CL-VaPUC  |9 414018 
583 |a last modification  |c 19980703 00:00:00  |k Rodrigo Vera 
490 0 |a Finances et Entreprise, 2 
999 |c 271748  |d 271746 
952 |0 0  |1 0  |4 0  |6 658_152000000000000_LOT_1963  |7 0  |8 P  |9 306498  |a BIBGIM  |b BIBGIM  |d 2019-11-20  |i 1430491  |o 658.152 LOT 1963  |p 1430491  |r 2025-01-15  |w 2019-11-20  |y BK  |k COM